000
00254nam a22001217a 4500
008
180914b xxu||||| |||| 00| 0 eng d
041
_a
eng
080
_a
591
100
_a
7
101
_a
ZOO
245
_a
Parasitology
_c
Pjilips.R.G
942
_2
udc
_c
BK
999
_c
47771
_d
47771